000
00336 a2200157 4500
001
193192
020
_a
978-85-8184-142-7
040
_c
Magnum
100
_a
Beuscher, Armin
240
1
0
_a
Além do grande rio
_l
por
245
1
0
_a
Além do grande rio
300
_a
27
362
0
_a
2018
697
_a
LITERATURA INFANTO
942
_c
BK
999
_c
193192
_d
193192